000 00855nam a2200241Ia 4500
003 OSt
005 20250612113459.0
008 191128s2015 sp er 000 f spa d
020 _a9788416075485
040 _aCO-JMCR
_cCO-JMCR
041 _aspa
082 0 4 _aJ-N
_bROMd
100 1 _aRomero, Antonia,
_eautora
_98072
245 1 4 _aLos diletantes /
_cAntonia Romero
250 _a1a. Edición
260 _aBarcelona :
_bB de Blok,
_c2015
300 _a303 páginas ;
_c22 cm.
490 0 _aSin límites
500 _aIncluye datos biográficos de la autora en la solapa
520 _aAda tiene dieciséis años y acaba de perder a sus padres en un accidente. Desde que despertó del como tiene extrañas pesadillas que le atemorizan, y cuando alguien la toca tiene visiones de sus vidas.
650 1 4 _aNovela española
_98073
942 _2ddc
_cBK
999 _c4497
_d4497